Videospiel Charaktere -1- - Statistiken

Allgemein
  • Dieses Quiz wurde 1.563 mal gespielt
    1.546 seit der letzten Aktualisierung
  • Das Durchschnittsergebnis liegt bei 7 aus 16
Antwortstatistiken
Bildquiz Antwort % Korrekt
Yoshi
99%
Mega Man
76%
Fox McCloud
66%
Geralt von Riva
65%
Yorick, der Hirte der verlorenen Seelen
47%
Aloy
45%
Ori
45%
Leon S. Kennedy
42%
Ashe
41%
Joel Miller
41%
Tifa Lockhart
38%
Big Smoke
30%
Thrall
29%
Simon Belmont
24%
Quiet
12%
Luna
11%
Keine übereinstimmenden Quizze gefunden
Verteilung der Resultate
Anzahl Personen mit jedem Resultat
Perzentil nach korrekt beantworteten Fragen
Ihre Resultats-Entwicklung
Sie haben dieses Quiz seit der letzten Aktualisierung nicht gespielt